Normal view
MARC view
- Supervisor Dr. Muhammad Sohail
Entry Personal Name
001 - CONTROL NUMBER
- control field: 114278
003 - CONTROL NUMBER IDENTIFIER
- control field: NUST
005 - DATE AND TIME OF LATEST TRANSACTION
- control field: 20230828124540.0
008 - FIXED-LENGTH DATA ELEMENTS
- fixed length control field: 230828|| aca||aabn | a|a d
040 ## - CATALOGING SOURCE
- Original cataloging agency: NUST
- Transcribing agency: NUST
100 ## - HEADING--PERSONAL NAME
- Personal name: Supervisor Dr. Muhammad Sohail
670 ## - SOURCE DATA FOUND
- Source citation: Work cat.: (NUST): Bilal, Muhammad 18167, Detection and Remedy of Skin Diseases using Image Texture and Color Features App /
